01641 a2200193 45000010006000000050017000060080041000230030015000640400040000790800052001192450050001712500012002212640043002333000023002765051001002991000027013007000026013278560094013533806420260407155646.0260407a1996 arg spa dAR-UNSa-BCEJYS aAR-UNSa-BCEJYSbspacAR-UNSa-BCEJYS a911.3:33(82)xGeografía económica argentina10aLa Argentina, estructura humana y económica a12a. ed 1aBuenos Aires :bEdiciones Macchic1996 axx, 697 p.c24 cm. a1. Ambito continental - 2. Factores naturales indirectos autorrenovables - 3. Factores naturales directos o recursos naturales - 4. Regiones naturales - 5. Ambito insular - 6. Sector antártico - 7. El dominio del territorio nacional - 8. Desarrollo territorial del planeamiento argentino - 9. Estática demográfica - 10. Dinámica demográfica - 11. Aspectos cualitativos de la población demográfica - 12. Vivienda - 13. La pobreza en la Argentina - 14. Fundamentos de la actividad agropecuaria argentina - 15. La tecnología aplicada al agro - 16. Producción agropecuaria - 17. Cultivos industriales - 18. Frutas, hortalizas, legumbres y plntas forrajeras - 19. Producción ganadera - 20. Actividad ictícola.Pesca y caza marítima y fluvial(explotación de algas) - 21. Explotación forestal - 22. Minería - 23. Energía - 24. Actividad industrial - 25. Sistema nacional de transporte - 26. El comercio - 27. Turismo - 28. De la Argentina actual a la Argentina del futuro.1 aCarlevari, Isidro J.F.1 aCarlevari, Ricardo D.41uhttps://biblioeco.unsa.edu.ar/pmb/images/libros/L70126.jpgyImagen de portadaqimage/jpeg